00365nam a2200145Ia 4500008004100000020001500041041001200056082001100068100001800079245004500097260003700142300000800179650001500187700001700202221030s9999 xx 000 0 und d a8183188425 aEnglish a105.23 aC. B. Mamoria 2aA Text Book of Human Resource Management bHimalaya Pub HouseaMumbaic2009 a398 aManagement aS. V. Gankar